000 00298nam a22001217a 4500
005 20250901165809.0
008 250320b |||||||| |||| 00| 0 eng d
020 _69780198077145
050 _aPL 4659 .S26 2012
245 _aSAMSKARA
_bA RITE FOR A DEAD MAN
250 _6SECOND EDITION
942 _2lcc
999 _c9362
_d9362